000 00924nam a2200217 i 4500
005 20250407084711.0
008 250407s1995 pe fr 000 0 spa d
040 _aCENDOC CAAAP
_bspa
_cCAAAP
041 0 _aspa
050 _aRS 164
_b.L57
100 1 _92507
_aLira, Jorge A.
245 1 0 _aMedicina Andina :
_bFarmacopea y rituales /
_cJorge A. Lira
250 _a2a. ed.
260 1 _aCusco, Perú ;
_bInstituto Bartolome de las Casas,
_c1995
300 _aXXVIII, 189 p. :
_c23 cm
500 _3Sección sobre rituales:
_aIncluye información sobre prácticas rituales tradicionales asociadas al uso de plantas medicinales andinas.
520 0 _b1 . Preambulo -- 2. Proemio -- 3. Farmacopea tradicional andina y practicas rituales -- 4. Indice de recetas
650 1 0 _992
_aMedicina Tradicional
_xAspectos Culturales
_zPerú
650 2 0 _9378
_aPlantas medicinales
_vUso terapéutico
_zPerú
942 _2lcc
_b07/04/2025
_cBK
999 _c3893
_d3893